Quality service management : A Guide to improving business processes /

Guardado en:
Detalles Bibliográficos
Autor principal: Maleyeff, John (Autor)
Formato: Libro
Lenguaje:inglés
Publicado: NY (USA) Routledge 2022
Materias:
Etiquetas: Agregar Etiqueta
Sin Etiquetas, Sea el primero en etiquetar este registro!

MARC

LEADER 00000nam a22000003a 4500
001 0107159
003 SK-STU
005 20231219140101.4
007 ta
008 231219s ----xo-----e------000-0-----d
020 |a 978-1-032-05751-4 
040 |a STU  |b slo 
041 0 |a eng 
044 |a xxu 
100 1 |a Maleyeff, John  |4 aut 
245 1 0 |a Quality service management :  |b A Guide to improving business processes /  |c aut. John Maleyeff 
260 |a NY (USA)  |b Routledge  |c 2022 
300 |a 202 s. 
650 0 7 |a riadenie kvality služieb 
650 0 7 |a procesy obchodné 
650 0 7 |a manažment kvality 
650 0 7 |a štatistická analýza kvality 
650 0 7 |a kvalita 
996 |b 284M089475  |c M* 14827-1  |l MMST  |s A  |a 24  |w 0107159_0001